000 00768nam a2200241 i 4500
001 179540
003 ES-MaACL
005 20230906220820.0
008 111221s2010 sp ao |||| |cspa d
080 _a929-055.2(100)
080 _a94(460.12 Gijón)(091)
100 1 _aGómez Ojea, Carmen.
_958082
245 1 0 _aMujeres en el callejero de Gijón/Xixón /
_cCarmen Gómez Ojea.
260 _aGijón :
_bAyuntamiento de Gijón,
_c[2010]
300 _a84 p. :
_bil., fot. ;
_c17 cm.
490 1 _aMemoria de Gijón ;
_v23
650 4 _aMujeres-
_xBiografías.
_915255
650 4 _aCalles-
_zGijón.
_9172262
710 1 _aGijón.
_bAyuntamiento.
_94471
830 1 _aMemoria de Gijón ;
_v23
_9224490
852 _aES-MaACL
_j2310-F-4
999 _c179540
_d179540